Xác định hàm lươngj kim loại nặng trong nước ngầm và trầm tích tại một số khu vực thuộc Thành phố Cần Thơ bằng phương pháp quang phổ phát xạ ICP-OES : Luận văn tốt nghiệp Cao học. Chuyên ngành Hóa lý thuyết và Hóa lý

Nội dung nghiên cứu xây dựng các điều kiện tối ưu trên thiết bị ICP-OES, một trong những thiết bị hiện đại cho giá trị phân tích đáng tin cậy, trên cơ sở đó để đánh giá, xác định hàm lượng kim loại nặng trong môi trường nước ngầm và tr...

Descripció completa

Guardat en:
Dades bibliogràfiques
Autor principal: Hứa, Mỹ Hạnh
Format: Llibre
Idioma:Undetermined
Publicat: Cần Thơ Trường Đại học Cần Thơ 2018
Matèries:
Etiquetes: Afegir etiqueta
Sense etiquetes, Sigues el primer a etiquetar aquest registre!
Thư viện lưu trữ: Trung tâm Học liệu Trường Đại học Cần Thơ
LEADER 01428nam a2200217Ia 4500
001 CTU_231552
008 210402s9999 xx 000 0 und d
082 |a 543.5 
082 |b H107 
088 |a 8440119 
100 |a Hứa, Mỹ Hạnh 
245 0 |a Xác định hàm lươngj kim loại nặng trong nước ngầm và trầm tích tại một số khu vực thuộc Thành phố Cần Thơ bằng phương pháp quang phổ phát xạ ICP-OES : 
245 0 |b Luận văn tốt nghiệp Cao học. Chuyên ngành Hóa lý thuyết và Hóa lý 
245 0 |c Hứa Mỹ Hạnh ; Nguyễn Thị Tuyết Nhung (Hướng dẫn khoa học) 
260 |a Cần Thơ 
260 |b Trường Đại học Cần Thơ 
260 |c 2018 
520 |a Nội dung nghiên cứu xây dựng các điều kiện tối ưu trên thiết bị ICP-OES, một trong những thiết bị hiện đại cho giá trị phân tích đáng tin cậy, trên cơ sở đó để đánh giá, xác định hàm lượng kim loại nặng trong môi trường nước ngầm và trầm tích ở một vài địa phương thuộc thành phố Cần Thơ. 
650 |a Spectrum methods,Phân tích phổ 
910 |a Tuyến 
980 |a Trung tâm Học liệu Trường Đại học Cần Thơ